<?xml version="1.0" encoding="UTF-8"?>
<record
    xmlns:xsi="http://www.w3.org/2001/XMLSchema-instance"
    xsi:schemaLocation="http://www.loc.gov/MARC21/slim http://www.loc.gov/standards/marcxml/schema/MARC21slim.xsd"
    xmlns="http://www.loc.gov/MARC21/slim">

  <leader>01639cam a2200181   4500500</leader>
  <controlfield tag="005">20260524000252.0</controlfield>
  <datafield tag="041" ind1=" " ind2=" ">
    <subfield code="a">fre</subfield>
  </datafield>
  <datafield tag="042" ind1=" " ind2=" ">
    <subfield code="a">dc</subfield>
  </datafield>
  <datafield tag="100" ind1="1" ind2="0">
    <subfield code="a">Gu&#xE9;deney, Antoine</subfield>
    <subfield code="e">author</subfield>
  </datafield>
  <datafield tag="700" ind1="1" ind2="0">
    <subfield code="a">Le Houezec-Jacquemain, Fr&#xE9;d&#xE9;rique</subfield>
    <subfield code="e">author</subfield>
  </datafield>
  <datafield tag="245" ind1="0" ind2="0">
    <subfield code="a">Num&#xE9;ro sp&#xE9;cial Robert N. Emde</subfield>
  </datafield>
  <datafield tag="260" ind1=" " ind2=" ">
    <subfield code="c">2002.
							</subfield>
  </datafield>
  <datafield tag="500" ind1=" " ind2=" ">
    <subfield code="a">55</subfield>
  </datafield>
  <datafield tag="520" ind1=" " ind2=" ">
    <subfield code="a">R&#xE9;sum&#xE9;Dans le cadre d&#x2019;une recherche sur les interactions m&#xE8;re-enfant-accueillante, nous analysons les repr&#xE9;sentations des m&#xE8;res et des accueillantes &#xE0; propos de la fonction &#xE9;ducative de l&#x2019;accueillante de cr&#xE8;che, d&#x2019;une part selon le type de structure (collective, familiale, parentale) et d&#x2019;autre part, selon la convergence ou la divergence des repr&#xE9;sentations des deux partenaires &#xE9;ducatifs. Ces repr&#xE9;sentations diff&#xE8;rent-elles d&#x2019;un partenaire &#xE0; un autre&#xA0;? Si oui, sur quels aspects portent ces diff&#xE9;rences&#xA0;? La question des effets de la divergence entre les deux partenaires sur le d&#xE9;veloppement socio-personnel du jeune enfant est pos&#xE9;e.</subfield>
  </datafield>
  <datafield tag="520" ind1=" " ind2=" ">
    <subfield code="a">Based on a research on mother-infant-caregiver of day care center&#x2019;s interactions, we study mothers and caregiver&#x2019;s representations on caregiver&#x2019;s educative function with infant. We distinguish three types of day care center and we also study the convergence-divergence of the mother&#x2019;s and caregiver&#x2019;s representations about practices. Then, the question of the effects of divergence-convergence on child&#x2019;s development is discussed.</subfield>
  </datafield>
  <datafield tag="786" ind1="0" ind2=" ">
    <subfield code="n">Devenir | 14 | 4 | 2002-12-01 | p. 317-319 | 1015-8154</subfield>
  </datafield>
  <datafield tag="856" ind1="4" ind2="1">
    <subfield code="u">https://stm.cairn.info/revue-devenir-2002-4-page-317?lang=fr&amp;redirect-ssocas=7080</subfield>
  </datafield>
  <datafield tag="999" ind1=" " ind2=" ">
    <subfield code="c">2249097</subfield>
    <subfield code="d">2249097</subfield>
  </datafield>
</record>
